La reforme penitenciaire en Espagne (Registro nro. 157208)

Detalles MARC
000 -LEADER
campo de control de longitud fija 01122nam a2200205 i 4500
001 - NÚMERO DE CONTROL
campo de control 157208
003 - IDENTIFICADOR DE NÚMERO DE CONTROL
campo de control ES-MaACL
005 - FECHA Y HORA DE LA ÚLTIMA TRANSACCIÓN
campo de control 20250719062541.0
008 - DATOS DE LONGITUD FIJA--INFORMACIÓN GENERAL
campo de control de longitud fija 040811s1885 sp |||| | fre d
100 1# - ENTRADA PRINCIPAL--NOMBRE DE PERSONA
Nombre de persona Lastres y Juiz, Francisco,
Fechas asociadas al nombre 1848-1918
9 (RLIN) 70504
245 13 - MENCIÓN DEL TÍTULO
Título La reforme penitenciaire en Espagne
Resto del título : aperçu historique et notice bibliographique /
Mención de responsabilidad, etc. par Francisco Lastres.
260 ## - PUBLICACIÓN, DISTRIBUCIÓN, ETC.
Lugar de publicación, distribución, etc. Madrid :
Nombre del editor, distribuidor, etc. [s.n.],
Fecha de publicación, distribución, etc. 1885 (
Fabricante Tip. de Manuel Ginés Hernández)
300 ## - DESCRIPCIÓN FÍSICA
Extensión 28 p. ;
Dimensiones 26 cm.
650 ## - PUNTO DE ACCESO ADICIONAL DE MATERIA--TÉRMINO DE MATERIA
Término de materia o nombre geográfico como elemento de entrada Derecho penitenciario-
Subdivisión geográfica España.
9 (RLIN) 176229
852 ## - LOCALIZACIÓN
Ubicación ES-MaACL
Número de control de estantería D-103(4)
itemnumber 163014
Sublocalización o colección R.FOLL.9/4
Ubicación en estantería Sala Valle Inclán
Donativo/Legado Donación: Francisco Lastres y Juiz
Encuadernación Encuadernado con otras obras formando un volumen facticio
-- Encuadernación holandesa
Signatura antigua Olim: 193-C-11
Anotaciones manuscritas Anotación manuscrista en cubierta: "Folletos penitenciarios Tomo 11"
852 ## - LOCALIZACIÓN
Ubicación ES-MaACL
Número de control de estantería T-435-F-9
itemnumber 163013
Ubicación en estantería Depósito folletos
Partes que faltan Ejemplar mútilo, falto de cubierta
Encuadernación Encuadernado con otras obras formando un volumen facticio.
-- Encuadernación holandesa
903 ## - NOMBRE PERSONAL DE DONANTE
a Lastres y Juiz, Francisco,
d 1848-1918
q 1
e Donante
9 70504
942 ## - ELEMENTOS DE ENTRADA SECUNDARIOS (KOHA)
Fuente del sistema de clasificación o colocación Clasificación decimal universal
Existencias
Estatus retirado Estado de pérdida Estado de daño No para préstamo Colección Biblioteca de origen Biblioteca actual Ubicación en estantería Fecha de adquisición Total de préstamos Signatura topográfica completa Código de barras Visto por última vez Precio de reemplazo Tipo de ítem Koha Fuente del sistema de clasificación o colocación Fuente de adquisición
        Colección de folletos Biblioteca del Ateneo de Madrid Biblioteca del Ateneo de Madrid Depósito folletos 17/01/2008   T-435-F-9 1164507 23/02/2023 23/02/2023 Folleto    
        Colección de folletos Biblioteca del Ateneo de Madrid Biblioteca del Ateneo de Madrid Sala Valle Inclán 17/01/2008   D-103(4) 901164506 23/02/2023 23/02/2023 Folleto Clasificación decimal universal Donación